000 00238nam a2200097Ia 4500
001 924932
005 20250826191530.0
008 250824s9999 xx 000 0 und d
245 0 _aAŞKLA KAL
_cKAHRAMAN TAZEOĞLU
260 _bDESTEK YAYINLARI
999 _c924932
_d924932